ARRUPE JESUIT UNIVERSITY

CORONAVIRUS -STOP THE SPREAD - CLEAN,DISINFECT,COVER

Snakes & crocodiles : (Record no. 59753)

MARC details
000 -LEADER
fixed length control field 01586nam a2200397 a 4500
001 - CONTROL NUMBER
control field 4494246
003 - CONTROL NUMBER IDENTIFIER
control field ARRUPE
005 - DATE AND TIME OF LATEST TRANSACTION
control field 20170601085731.0
008 - FIXED-LENGTH DATA ELEMENTS--GENERAL INFORMATION
fixed length control field 970211s1996 sa ab b 001 0 eng d
010 ## - LIBRARY OF CONGRESS CONTROL NUMBER
LC control number 97114603
035 ## - SYSTEM CONTROL NUMBER
System control number (OCoLC)37223717
040 ## - CATALOGING SOURCE
Original cataloging agency WU
Transcribing agency WU
Modifying agency DLC
042 ## - AUTHENTICATION CODE
Authentication code lccopycat
043 ## - GEOGRAPHIC AREA CODE
Geographic area code f-rh---
050 00 - LIBRARY OF CONGRESS CALL NUMBER
Classification number DT2913.S55
Item number H85 1996
082 00 - DEWEY DECIMAL CLASSIFICATION NUMBER
Classification number 968.91/01
Edition number 21
300 ## - PHYSICAL DESCRIPTION
Other physical details ill. (some col.), maps ;
Dimensions 25 cm.
100 1# - MAIN ENTRY--PERSONAL NAME
Personal name Huffman, Thomas N.
9 (RLIN) 31795
245 10 - TITLE STATEMENT
Title Snakes & crocodiles :
Remainder of title power and symbolism in ancient Zimbabwe /
Statement of responsibility, etc Thomas N. Huffman.
246 3# - VARYING FORM OF TITLE
Title proper/short title Snakes and crocodiles
260 ## - PUBLICATION, DISTRIBUTION, ETC. (IMPRINT)
Place of publication, distribution, etc Johannesburg, South Africa :
Name of publisher, distributor, etc Witwatersrand University Press :
-- Thorold's Africana Books [distributor],
Date of publication, distribution, etc c1996.
300 ## - PHYSICAL DESCRIPTION
Extent x, 228 p. :
500 ## - GENERAL NOTE
General note Distributor from sticker on verso of cover.
504 ## - BIBLIOGRAPHY, ETC. NOTE
Bibliography, etc Includes bibliographical references (p. [215]-221) and index.
650 #0 - SUBJECT ADDED ENTRY--TOPICAL TERM
Topical term or geographic name as entry element Shona (African people)
General subdivision Antiquities.
9 (RLIN) 28421
650 #0 - SUBJECT ADDED ENTRY--TOPICAL TERM
Topical term or geographic name as entry element Shona (African people)
General subdivision Social life and customs.
9 (RLIN) 30981
650 #0 - SUBJECT ADDED ENTRY--TOPICAL TERM
Topical term or geographic name as entry element Shona (African people)
General subdivision Folklore.
9 (RLIN) 14055
650 #0 - SUBJECT ADDED ENTRY--TOPICAL TERM
Topical term or geographic name as entry element Venda (African people)
General subdivision Antiquities.
9 (RLIN) 31796
650 #0 - SUBJECT ADDED ENTRY--TOPICAL TERM
Topical term or geographic name as entry element Venda (African people)
General subdivision Social life and customs.
9 (RLIN) 31797
650 #0 - SUBJECT ADDED ENTRY--TOPICAL TERM
Topical term or geographic name as entry element Venda (African people)
General subdivision Folklore.
9 (RLIN) 31798
650 #0 - SUBJECT ADDED ENTRY--TOPICAL TERM
Topical term or geographic name as entry element Snakes
Geographic subdivision Zimbabwe
General subdivision Folklore.
9 (RLIN) 31799
650 #0 - SUBJECT ADDED ENTRY--TOPICAL TERM
Topical term or geographic name as entry element Crocodiles
Geographic subdivision Zimbabwe
General subdivision Folklore.
9 (RLIN) 31800
651 #0 - SUBJECT ADDED ENTRY--GEOGRAPHIC NAME
Geographic name Zimbabwe
General subdivision Antiquities.
9 (RLIN) 9546
906 ## - LOCAL DATA ELEMENT F, LDF (RLIN)
a 7
b cbc
c copycat
d 3
e ncip
f 19
g y-gencatlg
942 ## - ADDED ENTRY ELEMENTS (KOHA)
Source of classification or shelving scheme Library of Congress Classification
Koha item type Monograph ( Printed materials)
Holdings
Withdrawn status Lost status Source of classification or shelving scheme Damaged status Not for loan Collection code Home library Current library Shelving location Date acquired Total Checkouts Full call number Barcode Date last seen Copy number Price effective from Koha item type
    Library of Congress Classification     Main Collection ARRUPE LIBRARY ARRUPE LIBRARY Main Collection 05/03/2013   DT2913.S55H85 1996 46003089576 07/12/2017 1 05/03/2013 Monograph ( Printed materials)
    Library of Congress Classification     Main Collection ARRUPE LIBRARY ARRUPE LIBRARY Main Collection 05/03/2013   DT2913.S55H85 1996 46003089575 07/12/2017 2 05/03/2013 Monograph ( Printed materials)
    Library of Congress Classification     SPECIAL Collection ARRUPE LIBRARY ARRUPE LIBRARY REFERENCE 31/01/2019   SPC. DT2913.S55 H85 1996 46600003555 31/01/2019   31/01/2019 SPC

 

Arrupe Library. PO Box MP320 Mt Pleasant, Harare, Zimbabwe
263 242 745411|librarian@aju.ac.zw